[Event "Türkei-Rhein-Sieg"]
[Site "?"]
[Date "????.??.??"]
[Round "3.1"]
[White "Pekun, C."]
[Black "Gerusel, M."]
[Result "1/2-1/2"]
[WhiteElo "2111"]
[BlackElo "2293"]
[PlyCount "42"]
[EventDate "2008.??.??"]

1. d4 Nf6 2. c4 e6 3. Nc3 Bb4 4. Bg5 h6 5. Bh4 c5 6. d5 e5 7. e3 d6 8. Bd3
Bxc3+ 9. bxc3 Qa5 10. Qc2 Nbd7 11. Ne2 a6 12. O-O O-O 13. f4 Re8 14. fxe5 Rxe5
15. Rf3 b5 16. Raf1 bxc4 17. Bf5 Rxf5 18. Rxf5 Ne5 19. Rxe5 dxe5 20. Bxf6 gxf6
21. Rxf6 Kg7 1/2-1/2

[Event "Türkei-Rhein-Sieg"]
[Site "?"]
[Date "????.??.??"]
[Round "3.2"]
[White "Klein, M."]
[Black "Muratoglu, S."]
[Result "0-1"]
[WhiteElo "2231"]
[BlackElo "2070"]
[PlyCount "78"]
[EventDate "2008.??.??"]

1. e4 c6 2. Nc3 d5 3. Nf3 Nf6 4. e5 Ne4 5. Nb1 Qb6 6. Qe2 Bg4 7. d3 Ng5 8. Nbd2
Nd7 9. h3 Nxf3+ 10. Nxf3 Bxf3 11. gxf3 e6 12. Bg2 Qd4 13. f4 Bb4+ 14. Kf1 Be7
15. Kg1 h6 16. Kh2 g5 17. c3 Qb6 18. fxg5 hxg5 19. f4 gxf4 20. Bxf4 O-O-O 21.
d4 Rdg8 22. Rhg1 Nf8 23. b4 Bh4 24. Bf3 Ng6 25. Bg3 Qd8 26. Bg4 Bxg3+ 27. Rxg3
Qh4 28. Rf1 Rh7 29. Rxf7 Rxf7 30. Bxe6+ Kc7 31. Bxf7 Nf4 32. Qf3 Rh8 33. Qg4
Qxg4 34. Rxg4 Rxh3+ 35. Kg1 Ne2+ 36. Kg2 Rh7 37. e6 Kd6 38. Kf3 Nxc3 39. a3 Nb5
0-1

[Event "Türkei-Rhein-Sieg"]
[Site "?"]
[Date "????.??.??"]
[Round "3.3"]
[White "Ozbilen, M."]
[Black "Hübner, W."]
[Result "1-0"]
[WhiteElo "2087"]
[BlackElo "2072"]
[PlyCount "27"]
[EventDate "2008.??.??"]

1. e4 e5 2. Nf3 Nc6 3. Bb5 a6 4. Bxc6 dxc6 5. O-O Ne7 6. Nxe5 Qd4 7. Nf3 Qxe4
8. Re1 Qg4 9. Nc3 Be6 10. Re4 Qg6 11. d3 O-O-O 12. Bg5 Rd7 13. h4 Bf5 14. Re5
1-0

[Event "Türkei-Rhein-Sieg"]
[Site "?"]
[Date "????.??.??"]
[Round "3.4"]
[White "Müller-Using, D."]
[Black "Olgac, K."]
[Result "1-0"]
[WhiteElo "2077"]
[BlackElo "2131"]
[PlyCount "75"]
[EventDate "2008.??.??"]

1. e4 d6 2. d4 Nf6 3. f3 e5 4. d5 Be7 5. Be3 O-O 6. c4 c5 7. Nc3 Nbd7 8. Nh3 h6
9. Qd2 Kh7 10. O-O-O Qa5 11. Kb1 a6 12. g4 Ng8 13. Nf2 Rb8 14. h4 g6 15. Bd3 b5
16. g5 h5 17. Nh3 bxc4 18. Bxc4 Nb6 19. Be2 Bxh3 20. Rxh3 Rb7 21. Ka1 Rfb8 22.
Rb1 Na8 23. f4 f6 24. f5 fxg5 25. hxg5 Qd8 26. fxg6+ Kxg6 27. Bxh5+ Kg7 28. Qf2
Bf8 29. Rf3 Qe7 30. Rf7+ Qxf7 31. Bxf7 Rxf7 32. Qh4 Be7 33. Rh1 Nb6 34. Qh8+
Kf8 35. g6 Rg7 36. Bh6 Bf6 37. Bxg7+ Bxg7 38. Rf1+ 1-0

[Event "Niedersachsen-D.D. - Oranjeteam 1"]
[Site "?"]
[Date "????.??.??"]
[Round "3.1"]
[White "Clemens, C."]
[Black "van Geffen, B."]
[Result "1-0"]
[WhiteElo "2303"]
[BlackElo "2150"]
[PlyCount "71"]
[EventDate "2008.??.??"]

1. g3 c5 2. Nf3 Nf6 3. Bg2 Nc6 4. d4 cxd4 5. Nxd4 d5 6. O-O e5 7. Nxc6 bxc6 8.
c4 h6 9. Nc3 Be6 10. Qa4 Qd7 11. cxd5 cxd5 12. Qxd7+ Kxd7 13. Rd1 Kc6 14. Be3
Bb4 15. Nxd5 Nxd5 16. Rac1+ Kd6 17. a3 Rac8 18. Rxc8 Rxc8 19. axb4 Rc2 20. Bxa7
Rxe2 21. Bb8+ Kc6 22. b5+ Kb7 23. Bf1 Re4 24. Bd3 Rb4 25. Bxe5 f6 26. Bc3 Rb3
27. Re1 Nc7 28. Rxe6 Nxe6 29. Bc4 Nc5 30. Bxb3 Nxb3 31. Kg2 Kb6 32. Kf3 Kxb5
33. Kf4 Nc5 34. Kf5 Kc4 35. Kg6 Ne6 36. f4 1-0

[Event "Niedersachsen-D.D. - Oranjeteam 1"]
[Site "?"]
[Date "????.??.??"]
[Round "3.2"]
[White "Kool, G."]
[Black "Dornieden, M."]
[Result "1/2-1/2"]
[WhiteElo "2124"]
[BlackElo "2264"]
[PlyCount "62"]
[EventDate "2008.??.??"]

1. Nf3 d6 2. c4 e5 3. Nc3 Nc6 4. g3 f5 5. d3 Nf6 6. Bg2 Be7 7. Bg5 O-O 8. Rb1
e4 9. dxe4 Nxe4 10. Bxe7 Qxe7 11. Nd5 Qf7 12. O-O Nd8 13. Nd2 Nxd2 14. Qxd2 c6
15. Nc3 Qxc4 16. Qxd6 Nf7 17. Qc7 Qe6 18. Rfd1 Re8 19. b4 Qf6 20. Rbc1 Re7 21.
Qf4 Be6 22. b5 c5 23. Nd5 Bxd5 24. Rxd5 g6 25. e4 b6 26. exf5 g5 27. Qd2 Rae8
28. Rd7 Qxf5 29. Rxe7 Rxe7 30. Bd5 Kg7 31. Bxf7 Kxf7 1/2-1/2

[Event "Niedersachsen-D.D. - Oranjeteam 1"]
[Site "?"]
[Date "????.??.??"]
[Round "3.3"]
[White "Durst, U."]
[Black "Mostertman, L."]
[Result "1/2-1/2"]
[WhiteElo "2159"]
[BlackElo "2051"]
[PlyCount "55"]
[EventDate "2008.??.??"]

1. f4 e5 2. fxe5 d6 3. exd6 Bxd6 4. Nf3 g5 5. g3 h5 6. d4 g4 7. Nh4 Be7 8. Ng2
h4 9. Bf4 h3 10. Ne3 Bg5 11. Bxg5 Qxg5 12. Qd3 Nf6 13. Nc3 O-O 14. Ne4 Nxe4 15.
Qxe4 Nc6 16. O-O-O f5 17. Qf4 Qg7 18. Nd5 Rf7 19. e3 Be6 20. Nc3 Ne7 21. d5 Ng6
22. Qg5 Bd7 23. d6 Ne5 24. Qxg7+ Kxg7 25. Be2 Bc6 26. Rhf1 Bg2 27. Rf2 c6 28.
Bf1 1/2-1/2

[Event "Niedersachsen-D.D. - Oranjeteam 1"]
[Site "?"]
[Date "????.??.??"]
[Round "3.4"]
[White "Rost van Tonningen, O."]
[Black "Peleikis, H."]
[Result "1/2-1/2"]
[WhiteElo "2061"]
[BlackElo "2100"]
[PlyCount "28"]
[EventDate "2008.??.??"]

1. e4 c5 2. Nf3 d6 3. b3 Nf6 4. e5 dxe5 5. Nxe5 e6 6. Bb2 Be7 7. Be2 O-O 8. Bf3
Nbd7 9. Qe2 Nxe5 10. Bxe5 Nd7 11. Bc3 Rb8 12. a4 Bf6 13. O-O Qc7 14. Re1 b6
1/2-1/2

[Event "England C-Schweden 1"]
[Site "?"]
[Date "????.??.??"]
[Round "3.1"]
[White "Norman, K."]
[Black "Malmdin, N."]
[Result "1-0"]
[WhiteElo "2154"]
[BlackElo "2268"]
[PlyCount "81"]
[EventDate "2008.??.??"]

1. Nf3 Nf6 2. g3 g6 3. Bg2 Bg7 4. c4 d6 5. d4 O-O 6. Nc3 Nc6 7. O-O a6 8. d5
Na5 9. Nd2 c5 10. Qc2 Rb8 11. b3 b5 12. Bb2 h5 13. Nd1 Bf5 14. e4 Bd7 15. Bc3
h4 16. Ne3 h3 17. Bh1 e5 18. dxe6 Bxe6 19. f4 bxc4 20. bxc4 Bd7 21. e5 dxe5 22.
fxe5 Nh5 23. Bd5 Qg5 24. Rf3 Nc6 25. Ne4 Qd8 26. Nf6+ Kh8 27. g4 Nd4 28. Bxd4
cxd4 29. gxh5 dxe3 30. hxg6 e2 31. gxf7 Bxf6 32. Rxf6 Rb6 33. Qxe2 Rxf6 34.
exf6 Qxf6 35. Rf1 Qd4+ 36. Kh1 Bg4 37. Qe7 Kg7 38. Qg5+ Kh7 39. Qh4+ Kg6 40.
Rg1 Kf5 41. Rxg4 1-0

[Event "England C-Schweden 1"]
[Site "?"]
[Date "????.??.??"]
[Round "3.2"]
[White "Nordstrom, F."]
[Black "Feavyour, J."]
[Result "1-0"]
[WhiteElo "2198"]
[BlackElo "2094"]
[PlyCount "103"]
[EventDate "2008.??.??"]

1. d4 d5 2. c4 c6 3. Nf3 Nf6 4. Nc3 dxc4 5. a4 Bf5 6. Ne5 Nbd7 7. Nxc4 Qc7 8.
Bg5 e6 9. f3 Bb4 10. e4 Bg6 11. Be2 O-O 12. Qb3 a5 13. O-O Rfe8 14. Rfd1 h6 15.
Be3 Rad8 16. Bf2 Nh5 17. Rac1 Kh7 18. Bf1 f5 19. e5 Bf7 20. Na2 Be7 21. Ne3 g5
22. Nxf5 Bg6 23. Nxe7 Rxe7 24. Nc3 Qb6 25. Qa3 Qb4 26. Qxb4 axb4 27. Ne4 Bxe4
28. fxe4 Rf8 29. Be1 c5 30. dxc5 Nxe5 31. Bxb4 Nc6 32. Bc3 Rf4 33. g3 Rf8 34.
Be2 Nf6 35. Rf1 e5 36. Bc4 Kg7 37. Bd5 Nd4 38. Bxd4 exd4 39. Rcd1 Nxe4 40. Rfe1
Rfe8 41. c6 Nc5 42. Rxe7+ Rxe7 43. cxb7 Nxb7 44. Rxd4 Rd7 45. Rb4 Nc5 46. Bf3
Rd3 47. Be2 Rd2 48. Kf1 Rd6 49. a5 Rf6+ 50. Kg2 Re6 51. Bc4 Rf6 52. Rb6 1-0

[Event "England C-Schweden 1"]
[Site "?"]
[Date "????.??.??"]
[Round "3.3"]
[White "Kendall, P."]
[Black "Svensson, L."]
[Result "0-1"]
[WhiteElo "2069"]
[BlackElo "2179"]
[PlyCount "80"]
[EventDate "2008.??.??"]

1. e4 e5 2. Nf3 Nc6 3. Bb5 a6 4. Ba4 Nf6 5. d4 exd4 6. O-O Be7 7. Re1 b5 8. e5
Nd5 9. Bb3 Nb6 10. c3 d5 11. Nxd4 Nxd4 12. cxd4 Bf5 13. Nc3 c6 14. Bc2 Qd7 15.
Ne2 Rc8 16. Ng3 Bxc2 17. Qxc2 g6 18. Bh6 Qg4 19. Rad1 Nd7 20. Qd2 Rg8 21. e6
fxe6 22. h3 Qh4 23. Rxe6 Kf7 24. Rde1 Rge8 25. Qe3 Nf8 26. Bxf8 Kxf8 27. Qe5
Kf7 28. Re3 Bf6 29. Qd6 Red8 30. Rxf6+ Qxf6 31. Qc5 Qd6 32. Rf3+ Kg8 33. Qa7
Rf8 34. Nh5 Qc7 35. Rxf8+ Kxf8 36. Qc5+ Qe7 37. Nf6 Kf7 38. Nxh7 Qxc5 39. dxc5
d4 40. Kf1 Ke6 0-1

[Event "England C-Schweden 1"]
[Site "?"]
[Date "????.??.??"]
[Round "3.4"]
[White "Andersson, K."]
[Black "Macdonald-Ross, S."]
[Result "1-0"]
[WhiteElo "2155"]
[BlackElo "2053"]
[PlyCount "79"]
[EventDate "2008.??.??"]

1. e4 c5 2. Nf3 Nc6 3. d4 cxd4 4. Nxd4 Nf6 5. Nc3 d6 6. Be2 e5 7. Nb3 Be7 8.
Bg5 O-O 9. h4 Be6 10. Qd2 a5 11. Rd1 a4 12. Nc1 a3 13. b3 Nd4 14. Be3 Qa5 15.
O-O Rfc8 16. Bxd4 exd4 17. Nb5 Nxe4 18. Qxa5 Rxa5 19. Rxd4 d5 20. c4 Bc5 21.
Rdd1 Ng3 22. Rfe1 Nxe2+ 23. Nxe2 dxc4 24. bxc4 Bxc4 25. Nd6 Bxd6 26. Rxd6 Bxa2
27. Rc1 Raa8 28. Rb6 Bd5 29. Ra1 g6 30. Nc1 Rc2 31. Rb5 Bc6 32. Rb3 a2 33. Nd3
Bd5 34. Rb4 b5 35. Ne1 Re2 36. Kf1 Rae8 37. Nf3 Bc4 38. Kg1 Re1+ 39. Nxe1 Rxe1+
40. Rxe1 1-0

[Event "Sachsen-Anhalt-D.D. - Oranjeteam 2"]
[Site "?"]
[Date "????.??.??"]
[Round "3.1"]
[White "Liebert, H."]
[Black "Ghijsen, P."]
[Result "1/2-1/2"]
[WhiteElo "2254"]
[BlackElo "2178"]
[PlyCount "66"]
[EventDate "2008.??.??"]

1. c4 Nf6 2. Nf3 c5 3. Nc3 Nc6 4. d4 cxd4 5. Nxd4 a6 6. g3 g6 7. Bg2 Bg7 8. O-O
O-O 9. e3 Rb8 10. a4 e6 11. Nde2 b6 12. b3 Bb7 13. Ba3 Re8 14. Rc1 Na5 15. e4
Bf8 16. Bb2 Bg7 17. h3 Nxe4 18. Bxe4 Bxe4 19. Nxe4 Bxb2 20. Rc2 Bg7 21. Rd2 d5
22. cxd5 exd5 23. N4c3 Qc8 24. Nxd5 Qb7 25. Ndf4 Rbc8 26. Rd5 Nc6 27. Rd7 Rc7
28. Rxc7 Qxc7 29. Qc2 Qb7 30. Kh2 Ne5 31. Ng1 h5 32. Rd1 Nf3+ 33. Nxf3 Qxf3
1/2-1/2

[Event "Sachsen-Anhalt-D.D. - Oranjeteam 2"]
[Site "?"]
[Date "????.??.??"]
[Round "3.2"]
[White "Oud, N."]
[Black "Csulits, A."]
[Result "0-1"]
[WhiteElo "2023"]
[BlackElo "2222"]
[PlyCount "72"]
[EventDate "2008.??.??"]

1. d4 Nf6 2. c4 g6 3. Nc3 Bg7 4. e4 d6 5. Be2 O-O 6. Nf3 Bg4 7. Be3 Nc6 8. Qd2
Bxf3 9. Bxf3 e5 10. d5 Nd4 11. Bd1 Nd7 12. O-O c5 13. dxc6 bxc6 14. f4 f5 15.
Bf3 Nb6 16. b3 Qe7 17. Rae1 Rae8 18. exf5 Nxf3+ 19. Rxf3 gxf5 20. Bf2 e4 21.
Rg3 Kh8 22. Ree3 Bf6 23. Rh3 Rd8 24. Rh5 d5 25. cxd5 cxd5 26. Reh3 d4 27. Bh4
dxc3 28. Rxh7+ Kg8 29. Qe1 Qxh7 30. Bxf6 Qxh3 31. gxh3 Rxf6 32. Qxc3 Rg6+ 33.
Kf2 Rd3 34. Qe5 Nd5 35. Qxf5 Rf3+ 36. Ke1 Rg1+ 0-1

[Event "Sachsen-Anhalt-D.D. - Oranjeteam 2"]
[Site "?"]
[Date "????.??.??"]
[Round "3.3"]
[White "Hamm, G."]
[Black "Vink, W."]
[Result "1/2-1/2"]
[WhiteElo "2157"]
[BlackElo "2058"]
[PlyCount "53"]
[EventDate "2008.??.??"]

1. g3 d5 2. Bg2 c6 3. d3 e5 4. Nd2 Nf6 5. b3 Bd6 6. Bb2 O-O 7. e4 dxe4 8. dxe4
Qe7 9. Ngf3 Bg4 10. h3 Bxf3 11. Qxf3 Ba3 12. Bxa3 Qxa3 13. O-O Nbd7 14. Nc4 Qe7
15. Rfd1 Rfd8 16. Qe3 a6 17. Rd2 Nf8 18. Rad1 Rxd2 19. Qxd2 Ne8 20. Bf1 f6 21.
Nb6 Rb8 22. Nd7 Nxd7 23. Bc4+ Kf8 24. Qxd7 Nc7 25. Kg2 Ne8 26. Qf5 g6 27. Qd7
1/2-1/2

[Event "Sachsen-Anhalt-D.D. - Oranjeteam 2"]
[Site "?"]
[Date "????.??.??"]
[Round "3.4"]
[White "Montsma, F-J."]
[Black "Bondick, K-H."]
[Result "0-1"]
[WhiteElo "1959"]
[BlackElo "2168"]
[PlyCount "54"]
[EventDate "2008.??.??"]

1. e4 e5 2. Nf3 f5 3. Nxe5 Nc6 4. Nxc6 dxc6 5. Bc4 Nf6 6. exf5 Bxf5 7. d3 Qd4
8. Be3 Qh4 9. Qd2 a5 10. a4 Bb4 11. Nc3 O-O-O 12. O-O-O Rhe8 13. Bg5 Qh5 14.
Bxf6 gxf6 15. f3 Bg6 16. Qf2 Kb8 17. g4 Qg5+ 18. Kb1 Qf4 19. Rhf1 f5 20. gxf5
Bxf5 21. Ne4 Rf8 22. Qg3 Qh6 23. Qg5 Qxh2 24. c3 Be6 25. Qg1 Qf4 26. Qg5 Bh3
27. Rh1 Qxf3 0-1

[Event "USV TU Dresden-Freib. Niedersachsen"]
[Site "?"]
[Date "????.??.??"]
[Round "3.1"]
[White "Schmidt, G."]
[Black "Niebuhr, G."]
[Result "1-0"]
[WhiteElo "2245"]
[BlackElo "2075"]
[PlyCount "79"]
[EventDate "2008.??.??"]

1. d4 Nf6 2. c4 g6 3. Nc3 d5 4. Nf3 Bg7 5. Qb3 dxc4 6. Qxc4 O-O 7. e4 a6 8. Qb3
c5 9. dxc5 Nfd7 10. Be3 Qa5 11. Be2 Nxc5 12. Bxc5 Qxc5 13. O-O Nc6 14. Rac1
Bxc3 15. Rxc3 Qb4 16. Qxb4 Nxb4 17. Rc7 Nc6 18. Rd1 Re8 19. a3 Kf8 20. Nd4 Nxd4
21. Rxd4 Rb8 22. f4 Be6 23. Rd2 Rec8 24. Rdc2 Ke8 25. b4 Kd8 26. Rxc8+ Rxc8 27.
Rxc8+ Kxc8 28. Kf2 Kc7 29. Ke3 f6 30. h4 h6 31. Kd4 Bc8 32. e5 b6 33. exf6 exf6
34. g4 Kd6 35. g5 hxg5 36. hxg5 fxg5 37. fxg5 a5 38. Bd3 axb4 39. axb4 Be6 40.
Bxg6 1-0

[Event "USV TU Dresden-Freib. Niedersachsen"]
[Site "?"]
[Date "????.??.??"]
[Round "3.2"]
[White "Jürgens, P."]
[Black "Lenk, W."]
[Result "1/2-1/2"]
[WhiteElo "2066"]
[BlackElo "2212"]
[PlyCount "35"]
[EventDate "2008.??.??"]

1. d4 Nf6 2. Bf4 g6 3. e3 Bg7 4. Nf3 b6 5. Be2 Bb7 6. O-O O-O 7. h3 c5 8. c3 d6
9. a4 a6 10. Nbd2 Nc6 11. Bh2 Re8 12. Nc4 b5 13. axb5 axb5 14. Na3 b4 15. Nc4
bxc3 16. bxc3 Rxa1 17. Qxa1 cxd4 18. cxd4 1/2-1/2

[Event "USV TU Dresden-Freib. Niedersachsen"]
[Site "?"]
[Date "????.??.??"]
[Round "3.3"]
[White "Küttner, U."]
[Black "Hellwege, W."]
[Result "1-0"]
[WhiteElo "2183"]
[BlackElo "2054"]
[PlyCount "71"]
[EventDate "2008.??.??"]

1. d4 Nf6 2. c4 e6 3. Nc3 Bb4 4. e3 d5 5. a3 Bxc3+ 6. bxc3 c5 7. Nf3 O-O 8. Bd3
Nc6 9. O-O Qc7 10. h3 dxc4 11. Bxc4 e5 12. Ba2 h6 13. Bb2 cxd4 14. cxd4 exd4
15. Nxd4 Nxd4 16. Bxd4 Be6 17. Bxf6 gxf6 18. Bxe6 fxe6 19. Qg4+ Kf7 20. Qh5+
Kg7 21. Rac1 Qf7 22. Qg4+ Kh8 23. Qf4 Qg6 24. Rc7 Rg8 25. Qf3 Rab8 26. Rfc1 Rg7
27. Rxg7 Qxg7 28. Qe4 e5 29. Qf5 Rg8 30. g3 Re8 31. Rc4 Rg8 32. Qe6 h5 33. Qd6
Rf8 34. Rh4 Qf7 35. Qd1 Rc8 36. Rxh5+ 1-0

[Event "Widukind-England A"]
[Site "?"]
[Date "????.??.??"]
[Round "3.1"]
[White "Pape, M."]
[Black "James, G."]
[Result "1-0"]
[WhiteElo "2240"]
[BlackElo "2189"]
[PlyCount "77"]
[EventDate "2008.??.??"]

1. Nf3 Nf6 2. c4 e6 3. g3 b6 4. Bg2 Bb7 5. O-O Be7 6. Nc3 O-O 7. d4 Ne4 8. Qc2
Nxc3 9. Qxc3 d6 10. Rd1 Nd7 11. b3 Qc8 12. Bb2 Bf6 13. Qc2 Re8 14. e4 e5 15. d5
a5 16. a3 Nf8 17. Ne1 Bg5 18. b4 axb4 19. axb4 Qd7 20. Nd3 Ng6 21. c5 Ba6 22.
c6 Qg4 23. f3 Be3+ 24. Nf2 Qg5 25. Qa4 Bc4 26. Qxa8 Rxa8 27. Rxa8+ Nf8 28. Rc8
b5 29. Rxc7 Bb6 30. Bc1 Qd8 31. Rb7 Bd4 32. Bh3 Qa8 33. c7 Qxb7 34. c8=Q Qa7
35. Rd2 Qa1 36. Rc2 Be3 37. Bf1 Bxc1 38. Bxc4 bxc4 39. Qxc4 1-0

[Event "Widukind-England A"]
[Site "?"]
[Date "????.??.??"]
[Round "3.3"]
[White "Perk, E."]
[Black "Pelling, T."]
[Result "0-1"]
[WhiteElo "2011"]
[BlackElo "2170"]
[PlyCount "72"]
[EventDate "2008.??.??"]

1. d4 d5 2. c4 c6 3. e3 Nf6 4. Nc3 e6 5. Bd3 Nbd7 6. Nf3 dxc4 7. Bxc4 b5 8. Bd3
a6 9. O-O c5 10. b3 Bb7 11. Bb2 Qb6 12. Qe2 Be7 13. Rad1 O-O 14. Ne5 cxd4 15.
exd4 Rad8 16. Bc2 Bb4 17. Ne4 Nxe4 18. Bxe4 Nf6 19. Bxb7 Qxb7 20. Rd3 Rd5 21.
Rg3 Rfd8 22. Qf3 Ne8 23. h4 Bf8 24. Nd3 R5d7 25. Qe3 Rd5 26. Nf4 Rf5 27. Rg5
Nd6 28. Nh5 Rxg5 29. Qxg5 Qe7 30. Qf4 Nf5 31. g3 g6 32. g4 Qxh4 33. gxf5 Qxh5
34. fxe6 fxe6 35. Qf6 Qg4+ 36. Kh1 Rd5 0-1

[Event "Widukind-England A"]
[Site "?"]
[Date "????.??.??"]
[Round "3.4"]
[White "Reuben, S."]
[Black "Hentzschel, E."]
[Result "1/2-1/2"]
[WhiteElo "2150"]
[BlackElo "1956"]
[PlyCount "114"]
[EventDate "2008.??.??"]

1. c4 e5 2. g3 f5 3. Bg2 Nf6 4. Nc3 c6 5. d4 exd4 6. Qxd4 Be7 7. Bf4 Na6 8. Bd6
Bxd6 9. Qxd6 Qe7 10. Rd1 Qxd6 11. Rxd6 O-O 12. Nf3 Ne8 13. Rd2 d6 14. Nd4 f4
15. gxf4 Rxf4 16. e3 Rf8 17. Ne4 Rb8 18. b3 Nac7 19. Nc3 Nf6 20. O-O Rd8 21. e4
Bg4 22. f3 Bh5 23. Nf5 Nce8 24. Rfd1 d5 25. cxd5 cxd5 26. Nxd5 Nxd5 27. Rxd5
Rxd5 28. exd5 Rd8 29. Rd2 Bf7 30. f4 b6 31. Kf2 Kf8 32. h3 Nf6 33. Ne3 Ke8 34.
d6 Be6 35. Bc6+ Bd7 36. Bxd7+ Kxd7 37. Kf3 Re8 38. Nc4 Kd8 39. Re2 Kd7 40. Rd2
Ke6 41. Ne5 g6 42. a4 Rd8 43. Nc4 Re8 44. Re2+ Kd7 45. Re5 Kc6 46. b4 Kd7 47.
b5 Re6 48. h4 Ne8 49. Kg4 Nxd6 50. Rxe6 Kxe6 51. Nxd6 Kxd6 52. Kg5 Ke6 53. Kh6
Ke7 54. Kxh7 Kf7 55. Kh8 Kf8 56. Kh7 Kf7 57. Kh6 Kf6 1/2-1/2

[Event "Hamburger SK-Sachsen 1"]
[Site "?"]
[Date "????.??.??"]
[Round "3.1"]
[White "Nugel, K."]
[Black "Siegmund, R."]
[Result "1/2-1/2"]
[WhiteElo "2155"]
[BlackElo "2170"]
[PlyCount "23"]
[EventDate "2008.??.??"]

1. d4 Nf6 2. c4 e6 3. Nf3 b6 4. g3 Ba6 5. Qc2 Bb7 6. Bg2 c5 7. d5 exd5 8. cxd5
Nxd5 9. O-O Be7 10. Rd1 Qc8 11. e4 Nc7 12. Nc3 1/2-1/2

[Event "Hamburger SK-Sachsen 1"]
[Site "?"]
[Date "????.??.??"]
[Round "3.2"]
[White "Zoephel, H."]
[Black "Gollasch, T."]
[Result "1-0"]
[WhiteElo "2160"]
[BlackElo "2091"]
[PlyCount "78"]
[EventDate "2008.??.??"]

1. f4 Nf6 2. Nf3 g6 3. Nc3 d5 4. e3 Bg7 5. b3 Ne4 6. Bb2 Nxc3 7. Bxc3 Bxc3 8.
dxc3 c6 9. Qd4 O-O 10. Be2 Nd7 11. O-O Qb6 12. c4 Qxd4 13. exd4 Nf6 14. Bd3 Bf5
15. Rfe1 e6 16. Bxf5 gxf5 17. Ne5 Rfd8 18. c5 a5 19. a4 Kf8 20. Re3 Ke7 21. Rb1
Ne4 22. Rh3 Rh8 23. b4 f6 24. Nd3 Nc3 25. Rb3 Ne2+ 26. Kf2 Nxd4 27. Rb2 e5 28.
fxe5 axb4 29. Rxb4 fxe5 30. Nxe5 Ke6 31. Nd3 Nxc2 32. Rh6+ Kd7 33. Rxb7+ Kc8
34. Rb2 Nd4 35. Rb4 Nc2 36. Rf4 Kb7 37. Ne5 Ra6 38. Nf7 Rg8 39. Rxh7 d4 1-0

[Event "Hamburger SK-Sachsen 1"]
[Site "?"]
[Date "????.??.??"]
[Round "3.3"]
[White "Schirmer, W."]
[Black "Jänig, R."]
[Result "1/2-1/2"]
[WhiteElo "2012"]
[BlackElo "2164"]
[PlyCount "64"]
[EventDate "2008.??.??"]

1. e4 c5 2. Nf3 e6 3. d4 cxd4 4. Nxd4 a6 5. Nc3 Qc7 6. Bd3 Nf6 7. O-O b5 8. Qe2
d6 9. Bg5 Nbd7 10. Nd5 exd5 11. exd5+ Ne5 12. f4 Bg4 13. Nf3 Bxf3 14. Rxf3 Be7
15. fxe5 dxe5 16. Bxf6 Bxf6 17. Kh1 Rd8 18. a4 Rxd5 19. axb5 axb5 20. Ra8+ Rd8
21. Rxd8+ Qxd8 22. Bxb5+ Ke7 23. Rd3 Qa5 24. Ra3 Qb6 25. Ra6 Qc5 26. Rc6 Qa7
27. Qe1 Qd4 28. Rc7+ Ke6 29. Rc4 Qxb2 30. Rc6+ Ke7 31. Rc7+ Ke6 32. Rc6+ Ke7
1/2-1/2

[Event "Hamburger SK-Sachsen 1"]
[Site "?"]
[Date "????.??.??"]
[Round "3.4"]
[White "Hampel, J."]
[Black "Langmann, C."]
[Result "1-0"]
[WhiteElo "2194"]
[BlackElo "1930"]
[PlyCount "103"]
[EventDate "2008.??.??"]

1. d4 d5 2. c4 e6 3. Nc3 Nf6 4. Bg5 Be7 5. e3 c6 6. Nf3 Nbd7 7. Rc1 Ne4 8. Bxe7
Qxe7 9. Nxe4 dxe4 10. Nd2 f5 11. Be2 Nf6 12. c5 O-O 13. Nc4 Nd5 14. O-O Rf6 15.
f3 Rg6 16. Qe1 Qg5 17. Qf2 Rf6 18. f4 Qh6 19. h4 Bd7 20. Ne5 Be8 21. g4 fxg4
22. Nxg4 Rg6 23. Kh2 Rxg4 24. Bxg4 Bh5 25. Rg1 Rf8 26. Bxh5 Qxh5 27. Rg5 Qh6
28. Rcg1 Rf7 29. Qg3 Ne7 30. h5 Nd5 31. Re5 Ne7 32. Qg5 Rf6 33. Qxh6 Rxh6 34.
Rgg5 Nd5 35. Rxe4 Nf6 36. Rxe6 Ng4+ 37. Rxg4 Rxe6 38. Rg3 Kf7 39. Kg2 b6 40. b4
Re7 41. Kf3 bxc5 42. bxc5 Rb7 43. Rg2 Rb1 44. e4 a5 45. Rc2 Rh1 46. Kg4 Rg1+
47. Kf5 Rh1 48. Ke5 Rxh5+ 49. Kd6 Rh6+ 50. Kd7 Re6 51. e5 g6 52. Rf2 1-0

[Event "England B-USV Halle"]
[Site "?"]
[Date "????.??.??"]
[Round "3.1"]
[White "Wade, R."]
[Black "Höhm, W."]
[Result "1/2-1/2"]
[WhiteElo "2155"]
[BlackElo "1962"]
[PlyCount "49"]
[EventDate "2008.??.??"]

1. d4 d5 2. Nc3 Nf6 3. Bg5 e6 4. e4 dxe4 5. Nxe4 Be7 6. Bxf6 Bxf6 7. c3 Nd7 8.
f4 b6 9. Qf3 Rb8 10. Bb5 Bb7 11. Ne2 O-O 12. N2g3 Bh4 13. Qe2 Nf6 14. Nxf6+
Qxf6 15. O-O g6 16. Bd3 Bxg3 17. hxg3 Rbc8 18. Ba6 Bxa6 19. Qxa6 Ra8 20. Rad1
c6 21. Rf2 Qf5 22. Re2 Rfd8 23. Re5 Qc2 24. Qe2 Qxe2 25. Rxe2 1/2-1/2

[Event "England B-USV Halle"]
[Site "?"]
[Date "????.??.??"]
[Round "3.2"]
[White "Kirmas, J."]
[Black "Prizant, M."]
[Result "1-0"]
[WhiteElo "2131"]
[BlackElo "2169"]
[PlyCount "73"]
[EventDate "2008.??.??"]

1. e4 c5 2. c3 g6 3. d4 cxd4 4. cxd4 d5 5. e5 Bg7 6. Nc3 Nc6 7. Bb5 Nh6 8. Qa4
Qd7 9. Qb3 O-O 10. Qxd5 Qc7 11. Qc5 Be6 12. Nf3 a6 13. Bxc6 bxc6 14. O-O Qb7
15. b3 Rfd8 16. Ng5 Bf5 17. Be3 Bf8 18. Na4 Qb5 19. Rac1 Qe2 20. Nc3 Qh5 21. h3
Bd7 22. Nce4 Qe2 23. Rc2 Qb5 24. g4 a5 25. Qxb5 cxb5 26. Rc7 a4 27. Rfc1 axb3
28. axb3 Be8 29. Nc5 Rdc8 30. Na6 Rd8 31. Nc5 Ra3 32. Nge4 Kg7 33. Nb7 Rb8 34.
Nec5 Ng8 35. d5 f6 36. e6 Kh8 37. Nd7 1-0

[Event "England B-USV Halle"]
[Site "?"]
[Date "????.??.??"]
[Round "3.3"]
[White "Macdonald-Ross, M."]
[Black "Swoboda, P."]
[Result "1/2-1/2"]
[WhiteElo "2154"]
[BlackElo "1915"]
[PlyCount "82"]
[EventDate "2008.??.??"]

1. d4 d5 2. c4 e6 3. Nf3 Nf6 4. g3 c6 5. Bg2 Bd6 6. Nbd2 Nbd7 7. O-O O-O 8. Qc2
Re8 9. b3 e5 10. cxd5 cxd5 11. dxe5 Nxe5 12. Bb2 Bd7 13. Nxe5 Bxe5 14. Bxe5
Rxe5 15. Nf3 Bf5 16. Qb2 Re7 17. Rac1 Qe8 18. Nd4 Be4 19. f3 Bg6 20. Bh3 Qd8
21. Rc5 Qb6 22. Rfc1 Rae8 23. Kf1 a6 24. Qd2 h6 25. Rc8 Kh7 26. Rxe8 Nxe8 27.
Bf5 Bxf5 28. Nxf5 Rc7 29. Rxc7 Nxc7 30. Qc3 f6 31. Ne7 Qd6 32. Qd3+ Kh8 33.
Ng6+ Kg8 34. Nf4 Qe5 35. Kg2 Kf7 36. h4 b5 37. b4 Qd6 38. Qc3 Ne6 39. Nd3 Ke7
40. a3 Kd7 41. Qc2 Qb6 1/2-1/2

[Event "England B-USV Halle"]
[Site "?"]
[Date "????.??.??"]
[Round "3.4"]
[White "Reinemann, G."]
[Black "Ashby, A."]
[Result "0-1"]
[WhiteElo "2002"]
[BlackElo "2166"]
[PlyCount "92"]
[EventDate "2008.??.??"]

1. e4 e6 2. d3 c5 3. Nd2 Nc6 4. Ngf3 g6 5. g3 Bg7 6. Bg2 Nge7 7. O-O d6 8. a4
O-O 9. c3 b6 10. Re1 Ba6 11. Nf1 Qd7 12. Bf4 Rad8 13. Qd2 Ne5 14. d4 cxd4 15.
cxd4 Nd3 16. Red1 Nxf4 17. Qxf4 Nc6 18. Qd2 Na5 19. Qb4 Rc8 20. Ne3 Rc7 21.
Rac1 Rfc8 22. Rxc7 Rxc7 23. Bf1 Bxf1 24. Kxf1 Bf8 25. d5 e5 26. Kg2 Bh6 27. b3
Bxe3 28. fxe3 Rc2+ 29. Rd2 Qc7 30. Rxc2 Qxc2+ 31. Kh3 Nb7 32. Nd2 Kg7 33. Nf3
h6 34. Qc4 Qxc4 35. bxc4 Nc5 36. Nd2 Nxa4 37. Kg2 Kf6 38. Kf2 Nc3 39. Kf3 a5
40. c5 bxc5 41. Nc4 a4 42. Na3 Ke7 43. h3 Kd7 44. g4 g5 45. Nc4 Nb5 46. Ke2 a3
0-1

[Event "DB / BSW Berlin-Königl. SV. D. D. Den H"]
[Site "?"]
[Date "????.??.??"]
[Round "3.1"]
[White "Welz, P."]
[Black "Jongsma, A."]
[Result "1-0"]
[WhiteElo "2138"]
[BlackElo "2192"]
[PlyCount "91"]
[EventDate "2008.??.??"]

1. e4 c5 2. Nc3 Nc6 3. g3 g6 4. Bg2 Bg7 5. d3 d6 6. Be3 Nh6 7. h3 f5 8. Nge2
Nd4 9. Nd5 e6 10. Ndf4 Nf7 11. c3 Nc6 12. O-O fxe4 13. dxe4 O-O 14. Nd3 b6 15.
f4 Bb7 16. Qb3 Na5 17. Qc2 Nc4 18. Bf2 Qd7 19. Rad1 Rad8 20. b3 Na3 21. Qc1 Nb5
22. a4 Nc7 23. c4 a6 24. a5 Qc6 25. axb6 Qxb6 26. b4 Bd4 27. Nxd4 cxd4 28. g4
e5 29. f5 Ne8 30. Bh4 Rd7 31. fxg6 hxg6 32. Rf2 Qc7 33. Rdf1 Kh7 34. c5 Rg8 35.
c6 Bxc6 36. Rxf7+ Rxf7 37. Rxf7+ Qxf7 38. Qxc6 g5 39. Bg3 Qb3 40. Qxa6 Nc7 41.
Qxd6 Nb5 42. Qd7+ Rg7 43. Qxb5 Qd1+ 44. Kh2 Ra7 45. Nxe5 Ra1 46. Qd7+ 1-0